| 000 | 00912nam a22002177a 4500 | ||
|---|---|---|---|
| 005 | 20250903163907.0 | ||
| 010 | _aB-768965-976 ENG-146723 BACEN25 | ||
| 020 |
_a9781526622570 _c850.00 |
||
| 035 | _aB-768965-976 | ||
| 035 | _aEN-130255 | ||
| 037 | _bParth | ||
| 037 |
_bDBAD _aDPL |
||
| 082 | _a910 | ||
| 100 |
_aPeter Frankopan _984682 |
||
| 245 |
_aThe Earth Transformed: _bAn Untold History/ _cPeter Frankopan |
||
| 260 |
_aNew Delhi _bBloomsbury Publishing India _c2023 |
||
| 270 |
_aSecond Floor, LSC Building No. 4 DDA Complex Pocket C-6 & 7, Vasant Kunj _bNew Delhi _e110070 |
||
| 300 |
_a695p. _c24cm (Pbk) _bAcknowlegment, index |
||
| 942 |
_2ddc _cEN _h910 _mPET |
||
| 999 |
_c209270 _d209270 |
||